000 00302nam a2200121Ia 4500
005 20251013221650.0
008 251010s9999 xx 000 0 und d
041 _amar
100 _aभट र.
_9214288
245 _aइंद्रयणी काठी
260 _bIndrayani
_c1993
300 _a351
999 _c368570
_d368570